<?xml version="1.0" encoding="UTF-8"?>
<collection xmlns="http://www.loc.gov/MARC21/slim">
 <record>
  <leader>01801nam a2200445   4500</leader>
  <controlfield tag="001">000008264</controlfield>
  <controlfield tag="003">4449</controlfield>
  <controlfield tag="005">20111019151055.0</controlfield>
  <controlfield tag="008">111014s1983                        viesd</controlfield>
  <datafield tag="041" ind1="0" ind2=" ">
   <subfield code="a">vie</subfield>
  </datafield>
  <datafield tag="082" ind1=" " ind2=" ">
   <subfield code="a">530.1</subfield>
   <subfield code="b">Bai</subfield>
  </datafield>
  <datafield tag="100" ind1="0" ind2=" ">
   <subfield code="a">Nguyễn Hữu Minh</subfield>
  </datafield>
  <datafield tag="245" ind1="1" ind2="0">
   <subfield code="a">Bài tập vật lí lí thuyết</subfield>
   <subfield code="c">Nguyễn Hữu Minh, Đỗ Khắc Hướng, Nguyễn Khắc Nhạp...</subfield>
   <subfield code="n">T.1</subfield>
   <subfield code="p">Cơ lí thuyết-điện động lực học và lí thuyết tương đối</subfield>
  </datafield>
  <datafield tag="260" ind1=" " ind2=" ">
   <subfield code="a">Tp.HCM</subfield>
   <subfield code="b">Giáo dục</subfield>
   <subfield code="c">1983</subfield>
  </datafield>
  <datafield tag="300" ind1=" " ind2=" ">
   <subfield code="a">262tr : hình vẽ</subfield>
   <subfield code="c">21cm</subfield>
  </datafield>
  <datafield tag="490" ind1=" " ind2=" ">
   <subfield code="a">Sách đại học sư phạm</subfield>
  </datafield>
  <datafield tag="520" ind1=" " ind2=" ">
   <subfield code="a">Tuyển tập này dựa vào các bài tập đã được chọn lọc để giảng dạy và học tập bộ môn vật lí lí thuyết ở các trường đại học sư phạm</subfield>
  </datafield>
  <datafield tag="653" ind1=" " ind2=" ">
   <subfield code="a">vật lí lý thuyết</subfield>
  </datafield>
  <datafield tag="653" ind1=" " ind2=" ">
   <subfield code="a">giáo trình</subfield>
  </datafield>
  <datafield tag="653" ind1=" " ind2=" ">
   <subfield code="a">cơ lí thuyết</subfield>
  </datafield>
  <datafield tag="653" ind1=" " ind2=" ">
   <subfield code="a">điện động lực học</subfield>
  </datafield>
  <datafield tag="653" ind1=" " ind2=" ">
   <subfield code="a">bài tập</subfield>
  </datafield>
  <datafield tag="653" ind1=" " ind2=" ">
   <subfield code="a">lí thuyết tương đối</subfield>
  </datafield>
  <datafield tag="700" ind1=" " ind2=" ">
   <subfield code="a">Đỗ Khắc Hướng</subfield>
   <subfield code="e">Tác giả</subfield>
  </datafield>
  <datafield tag="700" ind1=" " ind2=" ">
   <subfield code="a">Lê Trọng Tường</subfield>
   <subfield code="e">Tác giả</subfield>
  </datafield>
  <datafield tag="700" ind1=" " ind2=" ">
   <subfield code="a">Đỗ Đình Thanh</subfield>
   <subfield code="e">Tác giả</subfield>
  </datafield>
  <datafield tag="700" ind1=" " ind2=" ">
   <subfield code="a">Nguyễn Khắc Nhạp</subfield>
   <subfield code="e">Tác giả</subfield>
  </datafield>
  <datafield tag="700" ind1=" " ind2=" ">
   <subfield code="a">Nguyễn Hữu Minh</subfield>
   <subfield code="e">Tác giả</subfield>
  </datafield>
  <datafield tag="773" ind1=" " ind2=" ">
   <subfield code="t">Bài tập vật lí lí thuyết</subfield>
   <subfield code="w">4439</subfield>
  </datafield>
  <datafield tag="910" ind1=" " ind2=" ">
   <subfield code="a">Thanh</subfield>
   <subfield code="d">14/10/2011</subfield>
  </datafield>
  <datafield tag="OWN" ind1=" " ind2=" ">
   <subfield code="a">LSP</subfield>
  </datafield>
  <datafield tag="AVA" ind1=" " ind2=" ">
   <subfield code="a">UDN50</subfield>
   <subfield code="b">LSP</subfield>
   <subfield code="d">530.1 Bai</subfield>
   <subfield code="e">unavailable</subfield>
   <subfield code="t">Error 5002 Not defined in file expand_doc_bib_avail.</subfield>
   <subfield code="f">1</subfield>
   <subfield code="g">1</subfield>
   <subfield code="h">N</subfield>
   <subfield code="i">0</subfield>
   <subfield code="k">1</subfield>
  </datafield>
  <datafield tag="999" ind1=" " ind2=" ">
   <subfield code="a">From the UDN01</subfield>
  </datafield>
  <datafield tag="AVA" ind1=" " ind2=" ">
   <subfield code="a">UDN50</subfield>
   <subfield code="b">LSP</subfield>
   <subfield code="d">530.1 Bai</subfield>
   <subfield code="e">unavailable</subfield>
   <subfield code="t">Error 5002 Not defined in file expand_doc_bib_avail.</subfield>
   <subfield code="f">1</subfield>
   <subfield code="g">1</subfield>
   <subfield code="h">N</subfield>
   <subfield code="i">0</subfield>
   <subfield code="k">1</subfield>
  </datafield>
  <datafield tag="TYP" ind1=" " ind2=" ">
   <subfield code="a">Monograph</subfield>
  </datafield>
  <datafield tag="TYP" ind1=" " ind2=" ">
   <subfield code="a">Printed language</subfield>
  </datafield>
  <datafield tag="980" ind1=" " ind2=" ">
   <subfield code="a">Mạng thư viện Đại học Đà Nẵng</subfield>
  </datafield>
 </record>
</collection>
